000 00469cam a2200193ua 4500
020 _c12.50
041 _aeng
_h
082 _a823.308
_bHAW/SC
100 _aHawthorne, Nathaniel .
245 _aScarlet letter /
_cNathaniel Hwthorne.
_hTextual Documents
250 _a1 /
_b.
260 _aMumbai :
_bAsia Publishing House ,
_c1962.
300 _a318 ; .
365 _a12.50
504 _a
942 _cBK
999 _c5540
_d5540